000 00360 a2200121 4500
001 ART_33827
005 20260410161708.0
008 260409a
245 1 0 _aApelación de determinaciones de oficio y multas
100 1 _aRobiglio, Carolina L.
700 1 _aTelias, Sara Diana
773 0 _tRevista Impuestos
_g- Nº 8 (abr. 2006)
_wREV639
999 _c15786
_d15786